Footballeurs Français Ballons d'Or - Statistiques

Statistiques générales
  • Ce quiz a été pris 1 210 fois
    453 depuis la dernière actualisation
  • Le résultat moyen est 6 sur 6
Statistiques - réponses
Année Club Joueur % Correct
2022 Real Madrid Karim Benzema
100%
2025 Paris Saint-Germain Ousmane Dembélé
100%
1998 Juventus Turin Zinédine Zidane
100%
1983 Juventus Turin Michel Platini
95%
1991 Olympique de Marseille Jean-Pierre Papin
87%
1958 Real Madrid Raymond Kopa
75%
Aucun quiz correspondant
Distribution des résultats
% des personnes avec chaque résultat
Percentile par nombre de réponses
Votre historique - résultats
Vous n’avez pas pris ce quiz depuis la dernière actualisation